| 000 | 00330nam a2200133Ia 4500 | ||
|---|---|---|---|
| 005 | 20260328104339.0 | ||
| 008 | 260328s9999||||xx |||||||||||||| ||und|| | ||
| 100 | _aGropius, Walter | ||
| 245 | 0 |
_aAlcances de la Arquitectura integral / _cWalter Gropius |
|
| 260 | _bLa Isla | ||
| 300 | _a181 p. | ||
| 650 | _aTEORÍA | ||
| 942 | _cBK | ||
| 999 |
_c12013 _d12013 |
||